Emerging communication technology research: Theoretical and methodological variables in the last 16 years and future directions (Record no. 347549)
[ view plain ]
| 000 -LEADER | |
|---|---|
| fixed length control field | 00554nam a2200133Ia 4500 |
| 008 - FIXED-LENGTH DATA ELEMENTS--GENERAL INFORMATION | |
| fixed length control field | 171207s9999 xx 000 0 und d |
| 100 ## - MAIN ENTRY--PERSONAL NAME | |
| Personal name | Borah, Porismita |
| 245 ## - TITLE STATEMENT | |
| Title | Emerging communication technology research: Theoretical and methodological variables in the last 16 years and future directions |
| 245 ## - TITLE STATEMENT | |
| Statement of responsibility, etc | Porismita Borah |
| 260 ## - PUBLICATION, DISTRIBUTION, ETC. (IMPRINT) | |
| Date of publication, distribution, etc | 2017 |
| 300 ## - PHYSICAL DESCRIPTION | |
| Extent | pages 616-36, April 2017 |
| 440 ## - SERIES STATEMENT/ADDED ENTRY--TITLE | |
| Title | New Media & Society |
| Volume number/sequential designation | 19:4 |
| 650 ## - SUBJECT ADDED ENTRY--TOPICAL TERM | |
| Topical term or geographic name as entry element | CONCEPTUALIZATION, CONTENT ANALYSIS, EMERGING COMMUNCIATION TECHNOLOGY, METHODOLOGY, PUBLISHED LITERATURE, THEORY |
| Withdrawn status | Lost status | Damaged status | Home library | Current library | Date acquired | Total Checkouts | Date last seen | Price effective from | Koha item type |
|---|---|---|---|---|---|---|---|---|---|
| College Library | College Library | 12/07/2017 | 12/07/2017 | 12/07/2017 | Periodicals |